[Event "Asian Games tt"]
[Site "Hangzhou"]
[Date "2023.10.04"]
[Round "6.12"]
[White "Vokhidov, Shamsiddin"]
[Black "Amartuvshin, Ganzorig"]
[Result "1-0"]
[WhiteElo "2578"]
[BlackElo "2412"]
[PlyCount "115"]
[EventDate "2023.09.29"]
[EventType "team-tourn"]
[EventRounds "9"]
[EventCountry "CHN"]
[SourceTitle "EXT 2024"]
[Source "ChessBase"]
[SourceDate "2023.10.10"]
[SourceVersion "1"]
[SourceVersionDate "2023.10.10"]
[SourceQuality "1"]
[WhiteTeam "Uzbekistan"]
[BlackTeam "Mongolia"]
[WhiteTeamCountry "UZB"]
[BlackTeamCountry "MGL"]

1. e4 e5 2. Nf3 Nf6 3. Nxe5 d6 4. Nf3 Nxe4 5. d4 d5 6. Bd3 Bd6 7. 0-0 0-0 8. c4 c6 9. Re1 Bf5 10. Qb3 Na6 11. cxd5 cxd5 12. Nc3 Bb4 13. Re3 Bxc3 14. bxc3 Rb8 15. Ba3 Re8 16. c4 Be6 17. Rae1 Nc7 18. Qc2 f5 19. c5 f4 20. Bxe4 dxe4 21. Rxe4 Bd5 22. Rxe8+ Nxe8 23. Qf5 Nf6 24. Qxf4 Bxa2 25. c6 bxc6 26. Be7 Nd5 27. Qd2 Nxe7 28. Qxa2+ Nd5 29. Qxa7 Ra8 30. Qc5 Qf6 31. Qc4 h6 32. Ne5 Rc8 33. g3 Kh8 34. Rc1 Rf8 35. Qc2 Rc8 36. Qe4 Ne7 37. Rc3 Kg8 38. Qg4 Qf5 39. Qe2 Qe6 40. Rc5 Rd8 41. Qe4 Rf8 42. Qc2 Rf6 43. Ra5 Rf8 44. Ra7 Nf5 45. Qc5 Qb3 46. Ra1 Qb2 47. Qc4+ Kh7 48. Rd1 Ne7 49. Nd3 Qb6 50. Nf4 Nf5 51. Qc2 Kg8 52. Rb1 Qa6 53. Ne6 Rf6 54. Rb8+ Kf7 55. Qe4 Qa1+ 56. Kg2 g6 57. Ng5+ Kg7 58. Rb7+ 1-0

[Event "Asian Games tt"]
[Site "Hangzhou"]
[Date "2023.10.03"]
[Round "5.16"]
[White "Amartuvshin, Ganzorig"]
[Black "Murshed, Niaz"]
[Result "1-0"]
[WhiteElo "2412"]
[BlackElo "2371"]
[PlyCount "111"]
[EventDate "2023.09.29"]
[EventType "team-tourn"]
[EventRounds "9"]
[EventCountry "CHN"]
[SourceTitle "EXT 2024"]
[Source "ChessBase"]
[SourceDate "2023.10.10"]
[SourceVersion "1"]
[SourceVersionDate "2023.10.10"]
[SourceQuality "1"]
[WhiteTeam "Mongolia"]
[BlackTeam "Bangladesh"]
[WhiteTeamCountry "MGL"]
[BlackTeamCountry "BAN"]

1. d4 Nf6 2. c4 e6 3. Nf3 d5 4. Nc3 dxc4 5. e4 b5 6. e5 Nd5 7. Nxb5 Nb6 8. Be2 Nc6 9. 0-0 Be7 10. Qd2 0-0 11. Qf4 Nb4 12. Qg3 Kh8 13. Bg5 N4d5 14. Rac1 Ba6 15. Nc3 f6 16. exf6 gxf6 17. Nxd5 Nxd5 18. Bh6 Rg8 19. Qh4 Qd6 20. Bxc4 Bb7 21. g3 Rg6 22. Rfe1 Rag8 23. Qh3 Nb6 24. Be2 Qd7 25. Bf4 Bd6 26. Bxd6 cxd6 27. Nd2 Nd5 28. Bf3 Nf4 29. Qf1 Bxf3 30. Nxf3 Qb7 31. Re3 Qxb2 32. Rce1 e5 33. dxe5 fxe5 34. Kh1 Ne6 35. Rd1 Nc5 36. Qe2 Qxe2 37. Rxe2 Rb8 38. Kg2 Rf6 39. Rd5 Ne6 40. Nd2 Rg6 41. Kf1 Nd4 42. Re3 Rb2 43. Ne4 Rxa2 44. Nxd6 Rf6 45. Ne4 Rf5 46. Rc3 Kg7 47. Rc7+ Rf7 48. Rxf7+ Kxf7 49. Rxe5 a5 50. Rd5 Ne6 51. f4 Rxh2 52. Rxa5 Nd4 53. Rd5 Nc6 54. Rd7+ Kg6 55. Rd6+ Kf5 56. Nf2 1-0

[Event "Asian Games tt"]
[Site "Hangzhou"]
[Date "2023.09.30"]
[Round "2.15"]
[White "Amartuvshin, Ganzorig"]
[Black "Li, Yiheng"]
[Result "1-0"]
[WhiteElo "2412"]
[BlackElo "1857"]
[PlyCount "77"]
[EventDate "2023.09.29"]
[EventType "team-tourn"]
[EventRounds "9"]
[EventCountry "CHN"]
[SourceTitle "EXT 2024"]
[Source "ChessBase"]
[SourceDate "2023.10.10"]
[SourceVersion "1"]
[SourceVersionDate "2023.10.10"]
[SourceQuality "1"]
[WhiteTeam "Mongolia"]
[BlackTeam "Hong Kong"]
[WhiteTeamCountry "MGL"]
[BlackTeamCountry "HKG"]

1. d4 d5 2. c4 c6 3. Nc3 Nf6 4. e3 e6 5. Nf3 Nbd7 6. Qc2 Bd6 7. Bd3 0-0 8. 0-0 dxc4 9. Bxc4 b5 10. Be2 Bb7 11. e4 e5 12. dxe5 Nxe5 13. Nh4 g6 14. f4 Bc5+ 15. Kh1 Neg4 16. g3 b4 17. Nd1 Bd4 18. Bf3 c5 19. h3 Nh5 20. Kg2 Ngf6 21. Ne3 Re8 22. e5 Bxf3+ 23. Nxf3 Bxe3 24. Bxe3 Nd7 25. Rad1 Qc7 26. Ng5 Rac8 27. g4 Ng7 28. Ne4 Red8 29. Bf2 Nf8 30. Nd6 Qc6+ 31. Kh2 Rc7 32. Qc4 Rdd7 33. f5 a6 34. Bh4 Kh8 35. Bf6 Kg8 36. Qf4 Ne8 37. Nxe8 Rxd1 38. Rxd1 Qxe8 39. Qh6 1-0

[Event "Asian Games tt"]
[Site "Hangzhou"]
[Date "2023.09.29"]
[Round "1.4"]
[White "Amartuvshin, Ganzorig"]
[Black "Erigaisi, Arjun Kumar"]
[Result "0-1"]
[WhiteElo "2412"]
[BlackElo "2712"]
[PlyCount "86"]
[EventDate "2023.09.29"]
[EventType "team-tourn"]
[EventRounds "9"]
[EventCountry "CHN"]
[SourceTitle "EXT 2024"]
[Source "ChessBase"]
[SourceDate "2023.10.10"]
[SourceVersion "1"]
[SourceVersionDate "2023.10.10"]
[SourceQuality "1"]
[WhiteTeam "Mongolia"]
[BlackTeam "India"]
[WhiteTeamCountry "MGL"]
[BlackTeamCountry "IND"]

1. d4 Nf6 2. c4 g6 3. Nc3 d5 4. cxd5 Nxd5 5. e4 Nxc3 6. bxc3 Bg7 7. Be3 c5 8. Rc1 0-0 9. Nf3 Bg4 10. Be2 Qa5 11. 0-0 Qxa2 12. Ra1 Qe6 13. Qd3 Qd7 14. Rfb1 Bxf3 15. gxf3 cxd4 16. cxd4 Nc6 17. Ra4 a6 18. Rb6 e6 19. d5 exd5 20. Qxd5 Qh3 21. f4 Rad8 22. Qb3 Bd4 23. Rxb7 Rb8 24. Rxb8 Rxb8 25. Qxb8+ Nxb8 26. Rxd4 Qc8 27. Rd6 Nc6 28. f5 a5 29. Bb5 Qb8 30. Rxc6 Qxb5 31. Rb6 Qd3 32. f6 h6 33. Rb8+ Kh7 34. Rb7 Qc4 35. h4 g5 36. h5 a4 37. Ra7 a3 38. Kh2 a2 39. Kg3 Qxe4 40. Rxf7+ Kg8 41. Rg7+ Kh8 42. Re7 Qh4+ 43. Kf3 Qxh5+ 0-1

[Event "Titled Tuesday intern op 22nd Aug Early"]
[Site "Chess.com INT"]
[Date "2023.08.22"]
[Round "6"]
[White "Kuzmin, Roman"]
[Black "Amartuvshin, Ganzorig"]
[Result "0-1"]
[WhiteElo "2167"]
[BlackElo "2407"]
[PlyCount "108"]
[EventDate "2023.08.22"]
[EventType "swiss (blitz)"]
[EventRounds "11"]
[EventCountry "USA"]
[SourceTitle "EXT 2024"]
[Source "ChessBase"]
[SourceDate "2023.10.10"]
[SourceVersion "1"]
[SourceVersionDate "2023.10.10"]
[SourceQuality "1"]

1. e4 c5 2. Nf3 e6 3. d4 cxd4 4. Nxd4 Nc6 5. Nc3 Qc7 6. Be3 a6 7. Qd2 Nf6 8. 0-0-0 Bb4 9. f3 Ne5 10. a3 Bxc3 11. Qxc3 Qxc3 12. bxc3 d5 13. Bf4 Ng6 14. Bd6 dxe4 15. Be2 Bd7 16. Nb3 0-0-0 17. Rd4 Bc6 18. c4 exf3 19. gxf3 e5 20. Rd2 Nf4 21. Bd1 Rhe8 22. Na5 Re6 23. c5 Ne8 24. Nc4 Nxd6 25. Nxd6+ Kb8 26. Nxf7 Rxd2 27. Kxd2 Re7 28. Nd6 Ne6 29. Re1 Nxc5 30. Nf5 Rd7+ 31. Kc1 e4 32. fxe4 Bxe4 33. Ng3 Bg6 34. Bg4 Rc7 35. Re2 Nb3+ 36. Kb2 Nd4 37. Rd2 Nxc2 38. Nf5 Bxf5 39. Bxf5 Ne3 40. Rd8+ Ka7 41. Bxh7 Nc4+ 42. Kb3 Na5+ 43. Kb2 Rc5 44. Be4 Rh5 45. Rg8 Rxh2+ 46. Kc3 Rh4 47. Bd3 Rg4 48. Bf5 Rg5 49. Be4 Rg4 50. Kd4 Nc6+ 51. Ke3 Ne5 52. Re8 Nc4+ 53. Kf3 Nd6 54. Re7 Rxe4 0-1

[Event "MGL-ch"]
[Site "Ulaanbaatar"]
[Date "2023.05.24"]
[Round "6"]
[White "Amartuvshin, Ganzorig"]
[Black "Amilal, Munkhdalai"]
[Result "1/2-1/2"]
[WhiteElo "2407"]
[BlackElo "2141"]
[PlyCount "183"]
[EventDate "2023.05.20"]
[EventType "tourn"]
[EventRounds "11"]
[EventCountry "MGL"]
[EventCategory "1"]
[SourceTitle "CBM 214 Extra"]
[Source "ChessBase"]
[SourceDate "2023.07.31"]
[SourceVersion "1"]
[SourceVersionDate "2023.07.31"]
[SourceQuality "1"]

1. d4 Nf6 2. c4 e6 3. Nf3 b6 4. a3 Bb7 5. Nc3 d5 6. cxd5 Nxd5 7. Qc2 Nxc3 8. bxc3 Nd7 9. e4 Be7 10. Bd3 c5 11. Bf4 0-0 12. 0-0 cxd4 13. cxd4 Rc8 14. Qe2 Nf6 15. Bd2 Rc7 16. a4 Qa8 17. Rfe1 a5 18. Rab1 Qa7 19. Ne5 Rd8 20. Qe3 Ba6 21. Bxa6 Qxa6 22. Rb5 Bd6 23. Nf3 Bf8 24. Qb3 Qa8 25. Qb1 Rc4 26. Rxb6 Rxa4 27. Qb5 Ra3 28. Ra6 Qb8 29. Qxb8 Rxb8 30. Rxa5 Rxa5 31. Bxa5 Bb4 32. Bxb4 Rxb4 33. h3 h6 34. Kf1 g5 35. Re3 Kg7 36. Ke2 Ra4 37. g3 Kg8 38. Kf1 Kg7 39. Kg2 Rb4 40. e5 Nd5 41. Rd3 Kg6 42. Nd2 Kf5 43. Kf3 h5 44. Ke2 Ra4 45. Nb3 g4 46. hxg4+ hxg4 47. Nc5 Rb4 48. Rd2 Rb1 49. Kd3 Nb4+ 50. Kc4 Nd5 51. Kd3 Nb4+ 52. Ke2 Nd5 53. Rc2 Rb4 54. Kd3 Rb1 55. Ke2 Rb4 56. Rd2 Rb1 57. Rd3 Rb2+ 58. Rd2 Rb1 59. f4 Nc3+ 60. Kd3 Nd5 61. Rh2 Rd1+ 62. Kc4 Ne3+ 63. Kc3 Nd5+ 64. Kb3 Kg6 65. Rh8 Kg7 66. Rh5 Rxd4 67. Rg5+ Kf8 68. Rxg4 Rb4+ 69. Ka3 Rc4 70. Nb7 Rc3+ 71. Kb2 Rf3 72. Nd6 Ne3 73. Rg5 Nf1 74. f5 Rxg3 75. Rh5 Rg2+ 76. Ka3 Rh2 77. Rg5 Nd2 78. fxe6 fxe6 79. Rg6 Ke7 80. Rg7+ Kd8 81. Rg3 Re2 82. Kb4 Kd7 83. Rd3 Kc6 84. Rc3+ Kd7 85. Nf7 Ne4 86. Ra3 Rc2 87. Rh3 Kc6 88. Rd3 Rd2 89. Ra3 Rd4+ 90. Kb3 Rd3+ 91. Kb2 Rxa3 92. Kxa3 1/2-1/2

[Event "MGL-ch"]
[Site "Ulaanbaatar"]
[Date "2023.05.24"]
[Round "5"]
[White "Ulziikhishig, Khishigbat"]
[Black "Amartuvshin, Ganzorig"]
[Result "1-0"]
[WhiteElo "1601"]
[BlackElo "2407"]
[PlyCount "107"]
[EventDate "2023.05.20"]
[EventType "tourn"]
[EventRounds "11"]
[EventCountry "MGL"]
[EventCategory "1"]
[SourceTitle "CBM 214 Extra"]
[Source "ChessBase"]
[SourceDate "2023.07.31"]
[SourceVersion "1"]
[SourceVersionDate "2023.07.31"]
[SourceQuality "1"]

1. d4 Nf6 2. c4 g6 3. g3 Bg7 4. Bg2 0-0 5. Nf3 d6 6. 0-0 Nbd7 7. Nc3 e5 8. dxe5 dxe5 9. b3 c6 10. Bb2 Qe7 11. Qc2 Re8 12. Nd2 Nf8 13. Rfd1 Bf5 14. Nde4 Nxe4 15. Bxe4 Bg4 16. Bg2 Bf5 17. Be4 Be6 18. Rd2 Bh6 19. e3 Bg4 20. Bg2 Rad8 21. Ne4 f5 22. h3 Bh5 23. c5 fxe4 24. Rxd8 Rxd8 25. g4 Bxg4 26. hxg4 Bg7 27. b4 Nd7 28. Qxe4 Qe6 29. g5 Qe7 30. Rd1 Qxg5 31. Qc4+ Kh8 32. Qf7 Nf8 33. Rd6 h5 34. Qxb7 h4 35. Rxd8 Qxd8 36. b5 cxb5 37. Qxb5 Qd1+ 38. Qf1 Qg4 39. Kh2 Qb4 40. Qc1 Ne6 41. c6 Qd6 42. Kh1 Kh7 43. Ba3 Qd8 44. Qc4 Nc7 45. Qf7 Nb5 46. Be7 Qd1+ 47. Kh2 Kh6 48. Bf8 Bxf8 49. Qxf8+ Kg5 50. Qe7+ Kh6 51. Qxe5 h3 52. Qh8+ Kg5 53. f4+ Kf5 54. Qe5+ 1-0

[Event "MGL-ch"]
[Site "Ulaanbaatar"]
[Date "2023.05.21"]
[Round "2"]
[White "Amartuvshin, Ganzorig"]
[Black "Ganerdene, Sugar"]
[Result "1/2-1/2"]
[WhiteElo "2407"]
[BlackElo "2420"]
[PlyCount "176"]
[EventDate "2023.05.20"]
[EventType "tourn"]
[EventRounds "11"]
[EventCountry "MGL"]
[EventCategory "1"]
[SourceTitle "CBM 214 Extra"]
[Source "ChessBase"]
[SourceDate "2023.07.31"]
[SourceVersion "1"]
[SourceVersionDate "2023.07.31"]
[SourceQuality "1"]

1. d4 Nf6 2. c4 e6 3. Nf3 d5 4. Nc3 a6 5. cxd5 exd5 6. Bg5 Be6 7. e3 Nbd7 8. Bd3 Bd6 9. 0-0 0-0 10. Bf4 Qe7 11. h3 c6 12. Re1 h6 13. Qc2 Rfe8 14. a3 a5 15. Ne5 Rac8 16. Qd2 Bc7 17. Nxd7 Qxd7 18. Na4 Qe7 19. Bxc7 Qxc7 20. b4 axb4 21. axb4 b5 22. Nc5 Ra8 23. Qc3 Qd6 24. Nb7 Qd7 25. Rxa8 Rxa8 26. Na5 Rc8 27. Rc1 Ne4 28. Bxe4 dxe4 29. Nb3 Bd5 30. Nc5 Qd6 31. Ra1 Re8 32. Ra7 g5 33. Qa1 Kg7 34. Qd1 Re7 35. Rxe7 Qxe7 36. Qg4 Kg6 37. Qc8 Kg7 38. Qb8 h5 39. Kf1 Bc4+ 40. Ke1 Bd5 41. Kd2 Qf6 42. Ke2 Qe7 43. f4 exf3+ 44. gxf3 Qf6 45. e4 Bc4+ 46. Ke3 Bf1 47. Qh2 Kh6 48. Nb7 Qe6 49. h4 Qb3+ 50. Kf2 Qb2+ 51. Kg1 Qc1 52. hxg5+ Kxg5 53. Qe5+ Kg6 54. Qf5+ Kg7 55. Qxh5 Bc4+ 56. Kf2 Qd2+ 57. Kg3 Qxd4 58. Qg5+ Kh7 59. Qc5 Qg7+ 60. Kf4 Qh6+ 61. Qg5 Qh2+ 62. Ke3 Qe2+ 63. Kd4 Qxf3 64. Qh4+ Kg6 65. Kc5 f5 66. exf5+ Qxf5+ 67. Kb6 Bd5 68. Qg3+ Kf6 69. Qd6+ Qe6 70. Qf8+ Kg6 71. Nc5 Qg4 72. Qd6+ Kg5 73. Qe5+ Kg6 74. Nd3 Qe4 75. Nf4+ Kf7 76. Qc7+ Ke8 77. Nxd5 cxd5 78. Qc6+ Ke7 79. Kxb5 Qd3+ 80. Kb6 Qd4+ 81. Kb5 Qd3+ 82. Kb6 Qd4+ 83. Qc5+ Qxc5+ 84. Kxc5 d4 85. Kxd4 Kd6 86. b5 Kc7 87. Kc5 Kb7 88. b6 Kb8 1/2-1/2

[Event "MGL-ch"]
[Site "Ulaanbaatar"]
[Date "2023.05.20"]
[Round "1"]
[White "Amartuvshin, Ganzorig"]
[Black "Erdene, Ganzorig"]
[Result "1-0"]
[WhiteElo "2407"]
[BlackElo "2278"]
[PlyCount "125"]
[EventDate "2023.05.20"]
[EventType "tourn"]
[EventRounds "11"]
[EventCountry "MGL"]
[EventCategory "1"]
[SourceTitle "CBM 214 Extra"]
[Source "ChessBase"]
[SourceDate "2023.07.31"]
[SourceVersion "1"]
[SourceVersionDate "2023.07.31"]
[SourceQuality "1"]

1. d4 Nf6 2. c4 g6 3. Nc3 d5 4. cxd5 Nxd5 5. e4 Nxc3 6. bxc3 Bg7 7. Be3 c5 8. Rc1 0-0 9. Nf3 Qa5 10. Qd2 Rd8 11. h4 cxd4 12. cxd4 Qxd2+ 13. Bxd2 Na6 14. Bxa6 bxa6 15. Ba5 Rd7 16. d5 f5 17. exf5 Rxd5 18. Bb4 a5 19. Bxe7 Ba6 20. f6 Re8 21. Rd1 Bc4 22. Rxd5 Bxd5 23. 0-0 Bxf3 24. gxf3 Kf7 25. fxg7 Rxe7 26. Rc1 Kxg7 27. Rc5 Rf7 28. Rxa5 Rxf3 29. Rxa7+ Kf6 30. Kg2 Rc3 31. Ra4 h5 32. Rf4+ Ke5 33. Ra4 Kf5 34. f3 Rc1 35. Kf2 Ra1 36. a3 Ke5 37. Re4+ Kf5 38. a4 Ra3 39. Rb4 Ke5 40. Kg3 Kf5 41. Rb5+ Kf6 42. a5 Ra4 43. Rb6+ Kf5 44. Rb5+ Kf6 45. Rb6+ Kf5 46. a6 Ra2 47. Rc6 Ra4 48. Kf2 Kf4 49. Rf6+ Ke5 50. Rxg6 Kf4 51. Ke2 Ra3 52. Kd2 Kf5 53. Rh6 Kf4 54. Rg6 Kf5 55. Rc6 Kf4 56. Kc2 Kg3 57. Kb2 Ra5 58. Kb3 Kxh4 59. Kb4 Ra1 60. Rg6 Rf1 61. a7 Ra1 62. Rg7 Kh3 63. Kb5 1-0

[Event "Asian Continental op 19th"]
[Site "Delhi"]
[Date "2022.11.02"]
[Round "8"]
[White "Jaiswal, Rupesh"]
[Black "Amartuvshin, Ganzorig"]
[Result "0-1"]
[WhiteElo "2135"]
[BlackElo "2406"]
[PlyCount "140"]
[EventDate "2022.10.26"]
[EventType "swiss"]
[EventRounds "9"]
[EventCountry "IND"]
[SourceTitle "EXT 2024"]
[Source "ChessBase"]
[SourceDate "2023.10.10"]
[SourceVersion "1"]
[SourceVersionDate "2023.10.10"]
[SourceQuality "1"]

1. e4 c5 2. Nf3 e6 3. g3 Nc6 4. Bg2 Nf6 5. Qe2 e5 6. 0-0 Be7 7. c3 0-0 8. Na3 Re8 9. d3 h6 10. Nc4 Bf8 11. Ne3 d5 12. Nxd5 Nxd5 13. exd5 Qxd5 14. Be3 Bg4 15. h3 Bh5 16. Rfd1 Rad8 17. g4 Bg6 18. Nd4 Nxd4 19. cxd4 Qd7 20. dxc5 Bxd3 21. Rxd3 Qxd3 22. Qxd3 Rxd3 23. Bxb7 Rxe3 24. fxe3 Bxc5 25. Kf2 Rb8 26. Bd5 Rxb2+ 27. Kf3 Rd2 28. e4 Rf2+ 29. Kg3 g6 30. Rc1 Be3 31. Rc3 Bb6 32. Rf3 Rd2 33. Bxf7+ Kg7 34. Bd5 g5 35. Rf7+ Kg6 36. Rf3 Bg1 37. Ra3 Rc2 38. Ra6+ Bb6 39. Ra4 Rc3+ 40. Kg2 Rc2+ 41. Kg3 Kg7 42. Ra3 Bg1 43. Ra6 Bf2+ 44. Kf3 Bb6 45. Ra3 Kf6 46. Kg3 Ke7 47. Rf3 Rb2 48. Rf7+ Kd6 49. Rf6+ Kc5 50. Rxh6 Ba5 51. Kf3 Be1 52. Ke3 Rh2 53. Kd3 a5 54. Rc6+ Kb5 55. a4+ Kxa4 56. Rc2 Rxh3+ 57. Kc4 Ka3 58. Kb5 Rb3+ 59. Bxb3 Kxb3 60. Rc5 a4 61. Rxe5 a3 62. Re8 a2 63. Ra8 Bc3 64. Kc6 Bb4 65. Rxa2 Kxa2 66. Kd7 Kb3 67. Ke6 Ba5 68. e5 Kc4 69. Kf7 Kd5 70. e6 Bd8 0-1

[Event "Asian Continental op 19th"]
[Site "Delhi"]
[Date "2022.11.01"]
[Round "7"]
[White "Amartuvshin, Ganzorig"]
[Black "Sengupta, Deep"]
[Result "0-1"]
[WhiteElo "2406"]
[BlackElo "2497"]
[PlyCount "54"]
[EventDate "2022.10.26"]
[EventType "swiss"]
[EventRounds "9"]
[EventCountry "IND"]
[SourceTitle "EXT 2024"]
[Source "ChessBase"]
[SourceDate "2023.10.10"]
[SourceVersion "1"]
[SourceVersionDate "2023.10.10"]
[SourceQuality "1"]

1. d4 d5 2. c4 c6 3. Nc3 Nf6 4. e3 e6 5. Nf3 Nbd7 6. Qc2 Bd6 7. Bd3 0-0 8. 0-0 dxc4 9. Bxc4 Qe7 10. h3 e5 11. Bb3 a5 12. a3 Bc7 13. Rd1 h6 14. Nh4 Rd8 15. Nf5 Qf8 16. Bd2 exd4 17. Nb5 d3 18. Qc1 Nc5 19. Nxh6+ gxh6 20. Nxc7 Nxb3 21. Qc3 Nxd2 22. Qxf6 Nb3 23. Nxa8 Nxa1 24. Qc3 Bf5 25. Qxa5 Be6 26. Nc7 Bb3 27. Rd2 Bc2 0-1

[Event "Olympiad-44"]
[Site "Chennai"]
[Date "2022.08.07"]
[Round "9.1"]
[White "Wojtaszek, Radoslaw"]
[Black "Amartuvshin, Ganzorig"]
[Result "1/2-1/2"]
[WhiteElo "2708"]
[BlackElo "2409"]
[PlyCount "77"]
[EventDate "2022.07.29"]
[EventType "team-swiss"]
[EventRounds "11"]
[EventCountry "IND"]
[SourceTitle "CBM 210"]
[Source "ChessBase"]
[SourceDate "2022.10.31"]
[SourceVersion "1"]
[SourceVersionDate "2022.10.31"]
[SourceQuality "1"]
[WhiteTeam "Poland"]
[BlackTeam "Mongolia"]
[WhiteTeamCountry "POL"]
[BlackTeamCountry "MGL"]

1. d4 Nf6 2. c4 e6 3. Nf3 Bb4+ 4. Bd2 Qe7 5. g3 Nc6 6. Nc3 Bxc3 7. Bxc3 Ne4 8. Rc1 Nxc3 9. Rxc3 d6 10. d5 Nd8 11. Bg2 0-0 12. Qc2 c6 13. dxc6 bxc6 14. 0-0 e5 15. Rd1 a5 16. Re3 f6 17. Nd4 Ra6 18. Nf5 Bxf5 19. Qxf5 g6 20. Qd3 c5 21. Qd2 f5 22. Bd5+ Kg7 23. f4 Qf6 24. Rb3 a4 25. Rb5 Re8 26. e3 exf4 27. exf4 Ra7 28. Rb6 Rae7 29. Qc3 Qxc3 30. bxc3 Re2 31. a3 Ra2 32. Rxd6 Rxa3 33. Bg2 Nf7 34. Rd7 Kf8 35. Ra7 Re7 36. Ra8+ Re8 37. Ra7 Re7 38. Ra8+ Re8 39. Ra7 1/2-1/2

[Event "Paracin op-A 15th"]
[Site "Paracin"]
[Date "2022.07.15"]
[Round "8"]
[White "Amartuvshin, Ganzorig"]
[Black "Nogerbek, Kazybek"]
[Result "0-1"]
[WhiteElo "2409"]
[BlackElo "2437"]
[PlyCount "104"]
[EventDate "2022.07.08"]
[EventType "swiss"]
[EventRounds "9"]
[EventCountry "SRB"]
[SourceTitle "CBM 209 Extra"]
[Source "ChessBase"]
[SourceDate "2022.09.30"]
[SourceVersion "1"]
[SourceVersionDate "2022.09.30"]
[SourceQuality "1"]

1. d4 Nf6 2. c4 e6 3. Nf3 d5 4. Nc3 Be7 5. Bf4 0-0 6. a3 c5 7. dxc5 Bxc5 8. e3 Nc6 9. Qc2 Qa5 10. Nd2 Bb4 11. Rc1 Bxc3 12. Qxc3 Qxc3 13. Rxc3 e5 14. Bg5 d4 15. Rc1 Be6 16. Bxf6 gxf6 17. Nb3 Rfd8 18. e4 Rac8 19. Nc5 Na5 20. Nxe6 fxe6 21. Bd3 b5 22. c5 Nb3 23. Ke2 a6 24. g4 h5 25. Rcg1 Kf7 26. gxh5 Rh8 27. Rg3 Rxh5 28. Rhg1 Rg5 29. Rxg5 fxg5 30. Rxg5 Kf6 31. h4 Nxc5 32. Rg4 Rh8 33. b4 Nd7 34. Kd2 Nf8 35. a4 bxa4 36. Bxa6 Ng6 37. b5 Nxh4 38. b6 Nf3+ 39. Ke2 Ng5 40. b7 Rb8 41. f3 Nf7 42. Rg1 Nd6 43. Ra1 Nxb7 44. Rb1 a3 45. Bxb7 a2 46. Ra1 Rxb7 47. Rxa2 Kg5 48. Ra6 Rb2+ 49. Kd3 Rb3+ 50. Kc4 Rc3+ 51. Kb4 Kf4 52. Rxe6 Rxf3 0-1

[Event "Paracin op-A 15th"]
[Site "Paracin"]
[Date "2022.07.14"]
[Round "7"]
[White "Amartuvshin, Ganzorig"]
[Black "Makarian, Rudik"]
[Result "1/2-1/2"]
[WhiteElo "2409"]
[BlackElo "2533"]
[PlyCount "44"]
[EventDate "2022.07.08"]
[EventType "swiss"]
[EventRounds "9"]
[EventCountry "SRB"]
[SourceTitle "CBM 209 Extra"]
[Source "ChessBase"]
[SourceDate "2022.09.30"]
[SourceVersion "1"]
[SourceVersionDate "2022.09.30"]
[SourceQuality "1"]

1. d4 d5 2. c4 dxc4 3. e4 e5 4. Nf3 Bb4+ 5. Nc3 Nf6 6. Qa4+ Nc6 7. d5 Nxe4 8. dxc6 Nxc3 9. bxc3 Bxc3+ 10. Bd2 b5 11. Qd1 Bd4 12. Be2 0-0 13. Rb1 Qd5 14. 0-0 Bf5 15. Nxd4 exd4 16. Bf3 Be4 17. Bxe4 Qxe4 18. Rxb5 Qxc6 19. Qh5 c3 20. Rc5 Qe4 21. Bc1 Rab8 22. Qf3 Qe7 1/2-1/2

[Event "Paracin op-A 15th"]
[Site "Paracin"]
[Date "2022.07.11"]
[Round "4"]
[White "Chitlange, Sakshi"]
[Black "Amartuvshin, Ganzorig"]
[Result "0-1"]
[WhiteElo "2216"]
[BlackElo "2409"]
[PlyCount "118"]
[EventDate "2022.07.08"]
[EventType "swiss"]
[EventRounds "9"]
[EventCountry "SRB"]
[SourceTitle "CBM 209 Extra"]
[Source "ChessBase"]
[SourceDate "2022.09.30"]
[SourceVersion "1"]
[SourceVersionDate "2022.09.30"]
[SourceQuality "1"]

1. d4 Nf6 2. c4 g6 3. Nc3 Bg7 4. e4 d6 5. Be2 0-0 6. Bg5 Na6 7. Nf3 h6 8. Be3 e5 9. 0-0 Ng4 10. Bc1 c6 11. d5 c5 12. a3 f5 13. g3 f4 14. Nh4 Qg5 15. Nb5 Rd8 16. Kg2 h5 17. Nf3 Qf6 18. Bd2 Rf8 19. h3 Nh6 20. gxf4 exf4 21. Bc3 Qe7 22. Bxg7 Kxg7 23. Kh2 Ng4+ 24. Kg2 Ne5 25. Rh1 Bd7 26. Qd2 Kh6 27. Rag1 Bxb5 28. cxb5 Nb8 29. Nxe5 Qxe5 30. f3 Nd7 31. Kh2 a6 32. Rc1 Qf6 33. Rhg1 axb5 34. Bxb5 Ne5 35. Be2 b5 36. Qd1 Rfb8 37. Ra1 Ra4 38. Rg2 Ra5 39. Qe1 Ra7 40. Qf1 Rab7 41. Rf2 g5 42. Qc1 Rf7 43. Kg1 Qe7 44. b4 c4 45. Kg2 Re8 46. a4 bxa4 47. Bxc4 Rc8 48. Rc2 g4 49. hxg4 Qh4 50. Be2 Qg3+ 51. Kf1 Nxf3 52. Bxf3 Qxf3+ 53. Kg1 Rg7 54. Qb2 Rxg4+ 55. Rg2 Qe3+ 56. Kf1 Rxg2 57. Qxg2 Rc1+ 58. Rxc1 Qxc1+ 59. Kf2 Qd2+ 0-1

[Event "Paracin op-A 15th"]
[Site "Paracin"]
[Date "2022.07.09"]
[Round "3"]
[White "Amartuvshin, Ganzorig"]
[Black "Praggnanandhaa, Rameshbabu"]
[Result "0-1"]
[WhiteElo "2409"]
[BlackElo "2648"]
[PlyCount "110"]
[EventDate "2022.07.08"]
[EventType "swiss"]
[EventRounds "9"]
[EventCountry "SRB"]
[SourceTitle "CBM 209 Extra"]
[Source "ChessBase"]
[SourceDate "2022.09.30"]
[SourceVersion "1"]
[SourceVersionDate "2022.09.30"]
[SourceQuality "1"]

1. d4 Nf6 2. c4 e6 3. Nf3 d5 4. Nc3 dxc4 5. e3 a6 6. a4 c5 7. Bxc4 Nc6 8. 0-0 cxd4 9. exd4 Be7 10. Re1 0-0 11. Bg5 h6 12. Bh4 Nh5 13. Bxe7 Nxe7 14. a5 Nf6 15. Ne5 Rb8 16. Qd3 b5 17. Bb3 Rb7 18. f3 Rc7 19. Ne4 Nfd5 20. Nc5 Nf5 21. Rad1 Qd6 22. Qd2 Nxd4 23. Qxd4 Rxc5 24. Nd3 Rc7 25. Bxd5 exd5 26. b3 Bb7 27. Nb4 Rd8 28. h4 Re7 29. Nd3 Rc7 30. Nb4 Kf8 31. Rc1 Rdc8 32. Rcd1 Qc5 33. Kf2 Rd8 34. Re2 Qxd4+ 35. Rxd4 Rc3 36. Re3 Rc1 37. Red3 Ra1 38. Rc3 Rd7 39. Nc2 Rxa5 40. Ke2 Ke7 41. Kd2 Kd6 42. Kc1 Re7 43. Rd2 b4 44. Nxb4 Rc5 45. Kb2 a5 46. Nd3 Rb5 47. f4 f6 48. f5 Re3 49. Nf4 Re4 50. Ne6 g5 51. hxg5 hxg5 52. Nd8 d4 53. Nf7+ Kd7 54. Nh6 Bd5 55. Rg3 Re3 0-1

[Event "Paracin op-A 15th"]
[Site "Paracin"]
[Date "2022.07.09"]
[Round "2"]
[White "Ilijic, Mihajilo"]
[Black "Amartuvshin, Ganzorig"]
[Result "0-1"]
[WhiteElo "2167"]
[BlackElo "2409"]
[PlyCount "88"]
[EventDate "2022.07.08"]
[EventType "swiss"]
[EventRounds "9"]
[EventCountry "SRB"]
[SourceTitle "EXT 2023"]
[Source "ChessBase"]
[SourceDate "2022.10.05"]
[SourceVersion "1"]
[SourceVersionDate "2022.10.05"]
[SourceQuality "1"]

1. e4 c5 2. Nf3 e6 3. Nc3 Nc6 4. Bb5 Nge7 5. 0-0 a6 6. Bxc6 Nxc6 7. d4 cxd4 8. Nxd4 Qc7 9. Re1 d6 10. Bg5 h6 11. Bh4 g5 12. Bg3 Ne5 13. Nf3 b6 14. Nxe5 dxe5 15. Nd5 exd5 16. Bxe5 Qxe5 17. exd5 Bd6 18. Qd4 f6 19. Qxb6 0-0 20. Rxe5 Bxe5 21. d6 Bf5 22. Qb3+ Kg7 23. Qf3 Bxc2 24. Rc1 Bg6 25. Qb7+ Bf7 26. d7 Rad8 27. g3 Be6 28. Rd1 Rf7 29. Qb6 Rdxd7 30. Rxd7 Bxd7 31. Kg2 Bc8 32. f4 gxf4 33. gxf4 Bxf4 34. b4 Bb7+ 35. Kh3 h5 36. Kh4 Bg5+ 37. Kg3 h4+ 38. Kg4 Re7 39. Qd8 Re4+ 40. Kh5 Kf7 41. Qh8 Bd5 42. Qh7+ Kf8 43. Kg6 Re7 44. Qh8+ Bg8 0-1